vufinder Bibliothèque Municipale de Charleval de Provence
Se connecter
« Retourner aux résultats de recherche

Nos héritages

roman

Book Cover
Auteur principal: Anna Hope romancière
D'autres auteurs: Marguerite Capelle Traducteur
Support: Livres
Langue: Francais
Publié: 2026 Gallimard Paris
Genre: Roman
Collection: Du monde entier
Sujets:
Étiquettes: Ajouter
Pas de Tags !

LEADER 01609nam0a2200217 450
001 16847546
010 |a 978-2-07-308261-9  |b br.  |d 24 € 
100 |a 20251230d2026 u u0frey01 ba 
101 1 |a fre  |c eng 
102 |a FR 
200 0 |a Nos héritages  |e roman  |f Anna Hope  |g traduit de l'anglais par Marguerite Capelle 
207 1 |a   
210 |a Paris  |b 5 rue Sébastien Bottin.  |c Gallimard  |d 2026 
215 |a 1 vol. (443 p.)  |c ill.  |d 21 cm 
225 1 |a Du monde entier  |x 0750-7879 
330 |a Le richissime Philip Brooke vient de mourir, laissant derrière lui un patrimoine grandiose : le plus beau manoir du Sussex, datant du XVIIIe siècle et comprenant pas moins d une vingtaine de chambres, entouré d un domaine luxuriant de centaines d hectares. Mari volage et père absent, il n est regretté ni de sa femme ni de ses trois enfants. En revanche, sa vaste fortune déclenche des conflits galopants dans la famille car chacun veut mettre la main sur cette succession hors norme. Le clan Brooke réussira-t-il à ne pas voler en éclats avant le jour de l enterrement ? Drame familial haut en couleur et en tensions, Nos héritages nous plonge dans les arcanes fascinants d une famille d aristocrates britanniques tiraillée par l argent et les secrets du passé. Anna Hope signe ici son grand retour au roman, qui comblera les lecteurs de Nos espérances. 
700 0 |a Hope  |b Anna  |c romancière  |f 1974-....  |4 70 
702 0 |a Capelle  |b Marguerite  |c Traducteur  |4 730 
900 |a Roman 
901 |a Accessible au prêt 
995 |a Bibliothèque  |c Bibliothèque  |f 024026013  |h 024026013  |k R HOP  |o p  |q a  |r az  |e Bibliothèque 

Options de recherche

Historique de recherche
Recherche avancée

Trouver plus

Nouveautés

Besoin d'aide ?

Contacter un bibliothécaire